[Event "Edmonton Schleinich Memorial"]
[Site "Edmonton"]
[Date "2010.01.10"]
[Round "4"]
[White "Kaminski, Thomas"]
[Black "Karmali, Hafiz"]
[Result "1-0"]
[WhiteElo "2243"]
[BlackElo "2086"]
[PlyCount "105"]
[EventDate "2010.01.08"]
[EventType "swiss"]
[EventRounds "5"]
[EventCountry "CAN"]
[SourceTitle "EXT 2011"]
[Source "ChessBase"]
[SourceDate "2010.11.26"]
[SourceVersion "1"]
[SourceVersionDate "2010.11.26"]
[SourceQuality "1"]

1. e4 e5 2. Nf3 Nc6 3. Bb5 a6 4. Ba4 Nf6 5. 0-0 d6 6. d4 b5 7. dxe5 Nxe5 8. Bb3 Bg4 9. Nxe5 dxe5 10. Qxd8+ Rxd8 11. Nc3 Bc5 12. Bg5 c6 13. h3 Bh5 14. g4 Bg6 15. Kg2 h6 16. Bxf6 gxf6 17. Rad1 Ke7 18. f3 Bd4 19. a4 h5 20. Na2 hxg4 21. hxg4 c5 22. c3 Be3 23. Rxd8 Rxd8 24. Rd1 Rxd1 25. Bxd1 Kd6 26. Kf1 Kc6 27. Ke2 Bf4 28. Bb3 c4 29. Nb4+ Kb7 30. Bc2 Bg5 31. a5 Bh7 32. b3 f5 33. exf5 Bd8 34. Be4+ Kc8 35. bxc4 Bxa5 36. cxb5 axb5 37. Bc6 f6 38. Nd5 Bd8 39. Bxb5 Bg8 40. Ne3 Kb7 41. Bc4 Bxc4+ 42. Nxc4 Kc6 43. Kd3 Kc5 44. Nd2 Kd5 45. Ne4 Kc6 46. c4 Be7 47. g5 fxg5 48. f6 Bf8 49. Nxg5 Kd6 50. Nh7 Bh6 51. f7 Ke7 52. f8Q+ Bxf8 53. Nxf8 1-0

[Event "Edmonton Schleinich Memorial"]
[Site "Edmonton"]
[Date "2010.01.10"]
[Round "5"]
[White "Karmali, Hafiz"]
[Black "Willis, Bradley"]
[Result "1/2-1/2"]
[WhiteElo "2086"]
[BlackElo "2053"]
[PlyCount "48"]
[EventDate "2010.01.08"]
[EventType "swiss"]
[EventRounds "5"]
[EventCountry "CAN"]
[SourceTitle "EXT 2011"]
[Source "ChessBase"]
[SourceDate "2010.11.26"]
[SourceVersion "1"]
[SourceVersionDate "2010.11.26"]
[SourceQuality "1"]

1. d4 Nf6 2. c4 g6 3. Nc3 d5 4. f3 c5 5. dxc5 d4 6. Na4 Nc6 7. e3 e5 8. Bd3 e4 9. fxe4 Nxe4 10. Bxe4 Qh4+ 11. g3 Qxe4 12. Qf3 Bf5 13. h3 Nb4 14. Rh2 Bg7 15. Qxe4+ Bxe4 16. exd4 Nc2+ 17. Rxc2 Bxc2 18. Nc3 Bxd4 19. Nge2 Bxc5 20. Bg5 Be7 21. Be3 0-0 22. Nd5 Bd8 23. Kd2 Be4 24. Nec3 Bxd5 1/2-1/2

[Event "Edmonton March of Kings op"]
[Site "Edmonton"]
[Date "2009.03.15"]
[Round "4"]
[White "Ristovic, Nenad"]
[Black "Karmali, Hafiz"]
[Result "1-0"]
[WhiteElo "2312"]
[BlackElo "2022"]
[PlyCount "85"]
[EventDate "2009.03.14"]
[EventType "swiss"]
[EventRounds "5"]
[EventCountry "CAN"]
[SourceTitle "EXT 2011"]
[Source "ChessBase"]
[SourceDate "2010.11.26"]
[SourceVersion "1"]
[SourceVersionDate "2010.11.26"]
[SourceQuality "1"]

1. d4 Nf6 2. c4 e5 3. dxe5 Ng4 4. Bf4 Nc6 5. Nf3 Bb4+ 6. Nbd2 Qe7 7. a3 Ngxe5 8. Nxe5 Nxe5 9. e3 Bd6 10. Ne4 Nxc4 11. Nxd6+ Nxd6 12. Rc1 Kd8 13. Rxc7 Kxc7 14. Qd5 h5 15. Qc5+ Kd8 16. Bxd6 Qe4 17. f3 Qb1+ 18. Kf2 Qxb2+ 19. Be2 b6 20. Qd5 Bb7 21. Qxb7 Rc8 22. Rd1 Rc2 23. Qa8+ Rc8 24. Qxa7 Rc2 25. Qb8+ Rc8 26. Bc7+ Ke7 27. Qxb6 Qxb6 28. Bxb6 Rh6 29. Ba5 Rc2 30. Rd2 Rhc6 31. Bd3 Rc1 32. Ra2 Ke6 33. Bd2 R1c5 34. a4 f5 35. h4 d5 36. a5 Rc7 37. a6 Ra7 38. Rb2 Ke5 39. Rb6 d4 40. exd4+ Kxd4 41. Be3+ Kxd3 42. Bxc5 Kc4 43. Bd6 1-0

[Event "Winnipeg Apr Sect-A"]
[Site "Winnipeg"]
[Date "2007.04.22"]
[Round "5"]
[White "Kaptsan, Aron"]
[Black "Karmali, Hafiz"]
[Result "1-0"]
[WhiteElo "2025"]
[BlackElo "2041"]
[PlyCount "97"]
[EventDate "2007.04.20"]
[EventType "tourn"]
[EventRounds "5"]
[EventCountry "CAN"]
[SourceTitle "EXT 2019"]
[Source "ChessBase"]
[SourceDate "2018.10.10"]
[SourceVersion "1"]
[SourceVersionDate "2018.10.10"]
[SourceQuality "1"]

1. e4 e6 2. d4 d5 3. Nc3 Nf6 4. e5 Nfd7 5. Nce2 c5 6. c3 Nc6 7. f4 b6 8. Nf3 Ba6 9. Ng3 Bxf1 10. Rxf1 Rc8 11. Kf2 h5 12. Kg1 h4 13. Ne2 Be7 14. a3 Na5 15. Qa4 c4 16. f5 exf5 17. Qb5 Nb3 18. Rb1 Nxc1 19. Rbxc1 g5 20. Qxd5 Nf8 21. Qxd8+ Kxd8 22. Nd2 f4 23. g3 hxg3 24. hxg3 Ng6 25. Ne4 Kd7 26. Kg2 Ke6 27. Rh1 Kf5 28. Nf2 g4 29. Nxf4 Nxf4+ 30. gxf4 Kxf4 31. Rce1 Rh4 32. Rhf1 Kg5 33. Ne4+ Kg6 34. Rh1 Rch8 35. Rxh4 Rxh4 36. Rf1 Rh7 37. Nf6 Rh4 38. a4 a5 39. Nd5 Bd8 40. Ne3 f5 41. Nxf5 Rh3 42. Nd6 Be7 43. Nf5 Bg5 44. d5 Rf3 45. Nd4 Rxf1 46. Kxf1 Bc1 47. d6 Kf7 48. e6+ Ke8 49. d7+ 1-0